[Event "XVII Festival A"]
[Site "Padova ITA"]
[Date "2014.12.18"]
[Round "6"]
[White "De Santis, Alessio"]
[Black "Bruno, Fabio"]
[WhiteElo "2288"]
[BlackElo "2437"]
[Result "0-1"]
[PlyCount "134"]
[EventDate "2014.12.14"]

1. d4 Nf6 2. c4 e6 3. Nf3 b6 4. g3 Bb7 5. Bg2 Bb4+ 6. Bd2 c5 7. O-O O-O 8. Bxb4
cxb4 9. Nbd2 d6 10. Qc2 Qe7 11. a3 Nc6 12. Rfd1 bxa3 13. Rxa3 Nb4 14. Qa4 a5
15. Rc3 Rfc8 16. Rdc1 Bc6 17. Qa3 Qb7 18. Ne1 Bxg2 19. Nxg2 e5 20. d5 Nd7 21.
Ne4 Qc7 22. Ne3 Nc5 23. Nxc5 bxc5 24. Qa4 Rf8 25. g4 Qd8 26. Kg2 g6 27. Rg1 Ra7
28. Kh1 Qg5 29. Qa1 Qf4 30. Qf1 f6 31. Qg2 a4 32. Qg3 Qxg3 33. hxg3 f5 34. gxf5
gxf5 35. Nc2 Nxc2 36. Rxc2 Rb8 37. Ra1 Rb4 38. Kg2 Kf7 39. Ra2 h5 40. e3 Kf6
41. Kf3 Rg7 42. Ke2 f4 43. exf4 exf4 44. gxf4 Re7+ 45. Kd3 Re1 46. Ra3 h4 47.
Kd2 Re4 48. Rac3 Rxf4 49. Ke1 Ke5 50. Kf1 Re4 51. Kg2 Rb3 52. Rxb3 axb3 53. Rc3
Kd4 54. Kh3 Re2 55. Rxb3 Kxc4 56. Rc3+ Kxd5 57. Rd3+ Kc6 58. f4 Rxb2 59. Kxh4
Rf2 60. Kg5 c4 61. Rc3 Kc5 62. f5 d5 63. f6 d4 64. Rc1 d3 65. Kg6 d2 66. Ra1 c3
67. f7 Rxf7 0-1

[Event "XVII Festival A"]
[Site "Padova ITA"]
[Date "2014.12.18"]
[Round "6"]
[White "Drazic, Sinisa"]
[Black "Boscolo, Federico"]
[WhiteElo "2438"]
[BlackElo "2303"]
[Result "1-0"]
[PlyCount "77"]
[EventDate "2014.12.14"]

1. e4 e6 2. d4 d5 3. Nd2 Nc6 4. c3 e5 5. exd5 Qxd5 6. Ngf3 exd4 7. Bc4 Qh5 8.
O-O Be6 9. Bxe6 fxe6 10. Qb3 O-O-O 11. Qxe6+ Kb8 12. Nxd4 Nxd4 13. cxd4 Rxd4
14. Nf3 Rd8 15. Bf4 Bd6 16. Rfd1 Re8 17. Qc4 Bxf4 18. Qxf4 Nf6 19. Rac1 Qa5 20.
b4 Qb6 21. Re1 a6 22. a3 Rhf8 23. Qd4 Qxd4 24. Nxd4 Rxe1+ 25. Rxe1 Rd8 26. Ne6
Rd3 27. Nxg7 Rxa3 28. f4 a5 29. bxa5 c5 30. Ne8 Ng4 31. f5 Rxa5 32. f6 Nh6 33.
Nd6 b5 34. g4 Kc7 35. Nf5 b4 36. Nxh6 b3 37. f7 Ra8 38. Rb1 c4 39. Rc1 1-0

[Event "XVII Festival A"]
[Site "Padova ITA"]
[Date "2014.12.18"]
[Round "6"]
[White "Gabuzyan, Hovhannes"]
[Black "Borgo, Giulio"]
[WhiteElo "2565"]
[BlackElo "2357"]
[Result "1-0"]
[PlyCount "99"]
[EventDate "2014.12.14"]

1. e4 e6 2. d4 d5 3. Nd2 Nc6 4. Ngf3 Nf6 5. e5 Nd7 6. c3 f6 7. exf6 Qxf6 8. Bb5
Bd6 9. Nf1 e5 10. Bg5 Qe6 11. Ne3 e4 12. Nd2 Ne7 13. Bxe7 Kxe7 14. c4 c6 15.
cxd5 cxd5 16. Bxd7 Bxd7 17. Qh5 Bc6 18. Nf5+ Kf6 19. Nxd6 Qxd6 20. O-O Qf4 21.
f3 e3 22. Ne4+ Ke7 23. g3 g6 24. Qh3 Qf5 25. Qh4+ Kd7 26. Nf6+ Kc7 27. Rae1 h5
28. g4 Qf4 29. Qg3 Qxg3+ 30. hxg3 Bb5 31. Rc1+ Kd6 32. Rfe1 Raf8 33. g5 Rc8 34.
Rxc8 Rxc8 35. Rxe3 Rc1+ 36. Kf2 Rc2+ 37. Ke1 Rxb2 38. Re5 Bc6 39. f4 Rg2 40. f5
gxf5 41. Re3 f4 42. gxf4 Bd7 43. Kf1 Rc2 44. Nxd7 Kxd7 45. g6 Rc8 46. f5 Rg8
47. Kg2 b5 48. Kh3 Re8 49. Rxe8 Kxe8 50. Kh4 1-0

[Event "XVII Festival A"]
[Site "Padova ITA"]
[Date "2014.12.18"]
[Round "6"]
[White "Lajthajm, Borko"]
[Black "Brunello, Marina"]
[WhiteElo "2462"]
[BlackElo "2254"]
[Result "0-1"]
[PlyCount "83"]
[EventDate "2014.12.14"]

1. d4 d5 2. c4 c6 3. Nc3 Nf6 4. Nf3 e6 5. cxd5 exd5 6. Bg5 Be7 7. Rc1 Bf5 8.
Bxf6 Bxf6 9. e3 O-O 10. Bd3 Bxd3 11. Qxd3 a5 12. h4 Re8 13. Ne2 Nd7 14. g4 g6
15. h5 Rc8 16. hxg6 fxg6 17. Qb3 Qb6 18. Qxb6 Nxb6 19. g5 Be7 20. Nf4 Nc4 21.
Ke2 Nd6 22. Rh6 Nf7 23. Rh2 Nxg5 24. Ne5 Bf6 25. Nfd3 Re7 26. Rch1 Rce8 27. Ng4
Bxd4 28. Nh6+ Kf8 29. Rg2 Nf7 30. Ng4 Nd6 31. Kf1 Bh8 32. Rgh2 Kg8 33. Nh6+ Kf8
34. Ng4 Kg8 35. Nh6+ Kf8 36. Ng4 h5 37. Rg2 Nf5 38. Nf4 Kf7 39. Nh6+ Nxh6 40.
Rxg6 Ng8 41. Rxh5 Nf6 42. Rgg5 0-1

[Event "XVII Festival A"]
[Site "Padova ITA"]
[Date "2014.12.18"]
[Round "6"]
[White "Laketic, Gojko"]
[Black "Delchev, Aleksander"]
[WhiteElo "2389"]
[BlackElo "2627"]
[Result "1/2-1/2"]
[PlyCount "62"]
[EventDate "2014.12.14"]

1. d4 Nf6 2. Nf3 e6 3. c4 Bb4+ 4. Bd2 a5 5. g3 d6 6. Bg2 Nbd7 7. O-O e5 8. e3
Bxd2 9. Nfxd2 O-O 10. Nc3 Re8 11. a3 Nf8 12. d5 Bg4 13. f3 Bd7 14. b4 Qe7 15.
Nb3 axb4 16. axb4 b6 17. Rf2 h5 18. Rfa2 Rxa2 19. Rxa2 h4 20. e4 Nh5 21. Ne2
Nh7 22. Qc1 Qf6 23. Ra7 Rc8 24. Nd2 Ng5 25. Qc3 Qh6 26. Nf1 Nh3+ 27. Bxh3 Bxh3
28. Ne3 Bd7 29. Ng2 hxg3 30. hxg3 Nf6 31. Qe3 Qh5 1/2-1/2

[Event "XVII Festival A"]
[Site "Padova ITA"]
[Date "2014.12.18"]
[Round "6"]
[White "Moroni, Luca jr"]
[Black "Sumets, Andrey"]
[WhiteElo "2321"]
[BlackElo "2578"]
[Result "0-1"]
[PlyCount "79"]
[EventDate "2014.12.14"]

1. c4 e6 2. g3 d5 3. Bg2 Nf6 4. Nf3 Be7 5. O-O O-O 6. b3 b6 7. Bb2 Bb7 8. e3 c5
9. Nc3 dxc4 10. bxc4 Qc8 11. Qe2 Rd8 12. Rad1 Ne4 13. Nxe4 Bxe4 14. d3 Bb7 15.
Ne1 Bxg2 16. Nxg2 Nd7 17. f4 Bf6 18. f5 Bxb2 19. Qxb2 Nf6 20. e4 Rd4 21. Nf4
exf5 22. Ne2 Rd8 23. Rxf5 Nxe4 24. Rdf1 Nd6 25. Rg5 Ne8 26. Nf4 Rd6 27. Nd5 Qd8
28. Rgf5 f6 29. Qg2 Rd7 30. Re1 Nc7 31. Nxc7 Rxc7 32. Rd5 Qf8 33. Qe4 Rd8 34.
Qe6+ Rf7 35. a4 g6 36. h4 Kg7 37. Kf2 Rxd5 38. Qxd5 Qc8 39. Re6 h5 40. Qe4 0-1

[Event "XVII Festival A"]
[Site "Padova ITA"]
[Date "2014.12.18"]
[Round "6"]
[White "Palac, Mladen"]
[Black "Georgiev, Kiril D."]
[WhiteElo "2584"]
[BlackElo "2628"]
[Result "1/2-1/2"]
[PlyCount "27"]
[EventDate "2014.12.14"]

1. e4 e5 2. Nf3 Nc6 3. Bb5 Nf6 4. O-O Nxe4 5. Re1 Nd6 6. Nxe5 Be7 7. Bf1 Nxe5
8. Rxe5 O-O 9. d4 Bf6 10. Re1 Re8 11. Rxe8+ Nxe8 12. d5 d6 13. Nd2 Bg5 14. Nc4
1/2-1/2

[Event "XVII Festival A"]
[Site "Padova ITA"]
[Date "2014.12.18"]
[Round "6"]
[White "Rombaldoni, Axel"]
[Black "Bonafede, Alessandro"]
[WhiteElo "2505"]
[BlackElo "2339"]
[Result "0-1"]
[PlyCount "104"]
[EventDate "2014.12.14"]

1. e4 g6 2. d4 Bg7 3. Nf3 c6 4. Nc3 d5 5. h3 Nh6 6. e5 f6 7. Bf4 O-O 8. Qd2 Nf7
9. O-O-O a5 10. Bd3 b5 11. Ne2 Na6 12. c3 b4 13. Qe3 bxc3 14. Nxc3 Nc7 15. Qe2
a4 16. Kb1 a3 17. b3 Ne6 18. Bc1 Qb6 19. Bc2 Ba6 20. Bd3 fxe5 21. dxe5 d4 22.
Ne4 Bxd3+ 23. Qxd3 c5 24. Qc4 Qa6 25. Qxa6 Rxa6 26. Ned2 Bxe5 27. Nc4 Bf4 28.
Bxa3 Nd6 29. Nxd6 Bxd6 30. Bb2 Nf4 31. Ng5 Nxg2 32. Ne4 Rf4 33. Nxd6 exd6 34.
Rd2 Rf3 35. Re2 Kf7 36. Bc1 d3 37. Rb2 d5 38. b4 c4 39. b5 Ra8 40. Bd2 Rxf2 41.
Bc3 Rxb2+ 42. Kxb2 Ne3 43. b6 Nf5 44. Be5 Ra5 45. Kc3 Rb5 46. Bc7 Ke6 47. h4 h5
48. a4 Rb3+ 49. Kd2 d4 50. Rh2 Ne3 51. a5 Rb1 52. a6 Rd1# 0-1

[Event "XVII Festival A"]
[Site "Padova ITA"]
[Date "2014.12.18"]
[Round "6"]
[White "Vovk, Yuri"]
[Black "Dvirnyy, Danyyil"]
[WhiteElo "2592"]
[BlackElo "2515"]
[Result "1/2-1/2"]
[PlyCount "73"]
[EventDate "2014.12.14"]

1. d4 d5 2. c4 c6 3. Nf3 Nf6 4. Nc3 dxc4 5. a4 e6 6. e4 Bb4 7. Bg5 h6 8. Bxf6
Qxf6 9. Bxc4 c5 10. e5 Qd8 11. d5 exd5 12. Bxd5 O-O 13. O-O Nc6 14. Ne4 Bg4 15.
Bxc6 bxc6 16. Rc1 Qe7 17. Qd6 Rfe8 18. Nxc5 Bxf3 19. Qxe7 Rxe7 20. gxf3 Rxe5
21. Nd3 Rg5+ 22. Kh1 c5 23. Rc4 Rb8 24. Rfc1 Rd5 25. Nxc5 Bxc5 26. Rxc5 Rxc5
27. Rxc5 Rxb2 28. Kg2 Rb6 29. f4 Rb4 30. Ra5 Rxf4 31. Rxa7 g5 32. a5 Ra4 33.
Kf3 Kg7 34. Ke3 Kg6 35. a6 Kh5 36. Rxf7 Rxa6 37. Kf3 1/2-1/2

[Event "XVII Festival A"]
[Site "Padova ITA"]
[Date "2014.12.19"]
[Round "7"]
[White "Aghayev, Miragha"]
[Black "Codenotti, Marco"]
[WhiteElo "2372"]
[BlackElo "2345"]
[Result "1/2-1/2"]
[PlyCount "29"]
[EventDate "2014.12.14"]

1. e4 c5 2. Nf3 d6 3. d4 cxd4 4. Nxd4 Nf6 5. Nc3 a6 6. Be3 e5 7. Nf3 Be7 8. Bc4
O-O 9. O-O Qc7 10. Bb3 Be6 11. Bg5 Nbd7 12. Bxf6 Nxf6 13. Nd5 Nxd5 14. Bxd5 Qc5
15. Bb3 1/2-1/2

[Event "XVII Festival A"]
[Site "Padova ITA"]
[Date "2014.12.19"]
[Round "7"]
[White "Bonafede, Alessandro"]
[Black "Gabuzyan, Hovhannes"]
[WhiteElo "2339"]
[BlackElo "2565"]
[Result "0-1"]
[PlyCount "128"]
[EventDate "2014.12.14"]

1. e4 c5 2. b3 Nc6 3. Bb2 Nf6 4. Nc3 e6 5. Nf3 a6 6. e5 Ng4 7. Ne4 Qc7 8. Nd6+
Bxd6 9. exd6 Qxd6 10. Bxg7 Rg8 11. Bb2 b5 12. a4 b4 13. h3 Nh6 14. d4 cxd4 15.
Nxd4 Nxd4 16. Qxd4 Qxd4 17. Bxd4 Bb7 18. O-O-O Bxg2 19. Bxg2 Rxg2 20. Rdg1 Rg6
21. h4 Rc8 22. h5 Rxg1+ 23. Rxg1 Ke7 24. Bb6 d6 25. Rg5 Nf5 26. Rg4 Kf6 27.
Rxb4 Kg5 28. Ba7 Kxh5 29. Rb8 Rxb8 30. Bxb8 Kg4 31. b4 h5 32. Kd2 Kf3 33. b5
axb5 34. axb5 h4 35. b6 h3 36. b7 h2 37. Ba7 h1=Q 38. b8=Q Qh6+ 39. Kd1 Qh5 40.
Qb3+ Kg2+ 41. Kc1 Qh1+ 42. Kd2 Qh6+ 43. Kd1 Qh5+ 44. Kc1 Qg5+ 45. Kb1 Qe7 46.
Qb6 d5 47. f4 Kh3 48. Ka2 Qd6 49. Qf2 d4 50. Qf3+ Kh4 51. Kb3 Qd7 52. Bc5 Qb5+
53. Bb4 Qd5+ 54. Qxd5 exd5 55. Bd2 Nd6 56. Kb4 Kg4 57. Bc1 Ne4 58. Kb5 Kf5 59.
Kc6 Nc3 60. Kc5 Ke4 61. Bd2 f5 62. Be1 Nd1 63. Bd2 Ne3 64. c3 Nc4 0-1

[Event "XVII Festival A"]
[Site "Padova ITA"]
[Date "2014.12.19"]
[Round "7"]
[White "Boraso, Alessio"]
[Black "Lajthajm, Borko"]
[WhiteElo "2166"]
[BlackElo "2462"]
[Result "1/2-1/2"]
[PlyCount "122"]
[EventDate "2014.12.14"]

1. e4 c5 2. c3 Nc6 3. Nf3 d6 4. d4 Nf6 5. Bd3 e6 6. O-O Be7 7. Re1 cxd4 8. cxd4
O-O 9. Nc3 e5 10. Bb5 exd4 11. Nxd4 Bd7 12. Nc2 Rc8 13. Ne3 a6 14. Bf1 Re8 15.
Nc4 b5 16. Ne3 Qa5 17. Bd2 Qd8 18. f3 Nd4 19. Rc1 Nh5 20. Ncd5 Bh4 21. Rxc8
Bxc8 22. g3 Nxg3 23. hxg3 Bxg3 24. Bg2 Qh4 25. Bc3 Nxf3+ 26. Qxf3 Bxe1 27. Nf1
Bxc3 28. Qxc3 Be6 29. Qc6 Rd8 30. Qc7 Bxd5 31. exd5 h5 32. Ng3 Re8 33. Qxd6
Qd4+ 34. Kh2 g6 35. Ne4 Kg7 36. Qf4 Qxb2 37. d6 Qd4 38. d7 Rxe4 39. Bxe4 Qxd7
40. Qe5+ f6 41. Qg3 f5 42. Qe5+ Kh7 43. Bd5 Qg7 44. Qd6 Qa7 45. Qf6 Qf2+ 46.
Kh3 Qe3+ 47. Kh4 Qf4+ 48. Kh3 Qg4+ 49. Kh2 h4 50. Qe7+ Kh6 51. Qf8+ Kh5 52.
Qh8+ Kg5 53. Qd8+ Kf4 54. Qc7+ Ke3 55. Qc3+ Ke2 56. Qc2+ Ke1 57. Qc3+ Kf2 58.
Qc5+ Ke2 59. Qc2+ Ke3 60. Qc3+ Kf4 61. Qc7+ Ke3 1/2-1/2

[Event "XVII Festival A"]
[Site "Padova ITA"]
[Date "2014.12.19"]
[Round "7"]
[White "Borgo, Giulio"]
[Black "Rombaldoni, Axel"]
[WhiteElo "2357"]
[BlackElo "2505"]
[Result "0-1"]
[PlyCount "138"]
[EventDate "2014.12.14"]

1. e4 c5 2. Nf3 e6 3. g3 d5 4. exd5 exd5 5. d4 Nc6 6. Bg2 Bg4 7. O-O cxd4 8. h3
Bxf3 9. Qxf3 Nf6 10. Bg5 Be7 11. Bxf6 Bxf6 12. Qxd5 Qxd5 13. Bxd5 O-O 14. Nd2
Rad8 15. Be4 Rfe8 16. Rfe1 g6 17. Kf1 Re7 18. Bxc6 Rxe1+ 19. Rxe1 bxc6 20. Ne4
Bg7 21. Nc5 Bf8 22. Nd3 c5 23. Ne5 f6 24. Nc4 d3 25. cxd3 Rxd3 26. Re6 Rd1+ 27.
Ke2 Rc1 28. Kd3 Rf1 29. Ke2 Rc1 30. Ne3 Rb1 31. Nd1 f5 32. Kd2 Bh6+ 33. f4 Bg7
34. Kc2 Ra1 35. Ra6 Bd4 36. Rxa7 h5 37. a3 Bg1 38. Rc7 Bh2 39. Rxc5 Bxg3 40.
Rc4 h4 41. Rd4 Kf7 42. Kd2 Ke6 43. Ke3 Rc1 44. a4 Bh2 45. Rd2 Bg3 46. b3 Be1
47. Rd3 Rc2 48. Kf3 Kf6 49. Re3 Bb4 50. Re2 Rc1 51. Ne3 Rc3 52. Kg2 Kf7 53. Nd5
Rg3+ 54. Kh2 Bd6 55. Rd2 Rxb3 56. Rd4 g5 57. a5 g4 58. hxg4 fxg4 59. Nc3 Bb8
60. Nd5 Rb2+ 61. Kh1 g3 62. Rb4 g2+ 63. Kh2 Ba7 64. Rb6 Bxb6 65. axb6 h3 66.
Nc3 Kf8 67. b7 Rxb7 68. Ne2 Rb1 69. Ng1 Rxg1 0-1

[Event "XVII Festival A"]
[Site "Padova ITA"]
[Date "2014.12.19"]
[Round "7"]
[White "Brunello, Marina"]
[Black "Drazic, Sinisa"]
[WhiteElo "2254"]
[BlackElo "2438"]
[Result "1/2-1/2"]
[PlyCount "86"]
[EventDate "2014.12.14"]

1. e4 e6 2. d4 c5 3. Nf3 cxd4 4. Nxd4 a6 5. Bd3 Nc6 6. Nxc6 dxc6 7. O-O e5 8.
a4 Nf6 9. Nd2 Be6 10. Qe2 Bc5 11. Nc4 Nd7 12. Bd2 Qe7 13. a5 O-O 14. c3 Rfd8
15. b4 Ba7 16. Rab1 Nf8 17. Be3 Bxe3 18. Nxe3 Rd7 19. Rfd1 Rad8 20. Bc4 g6 21.
g3 h5 22. h4 Kg7 23. Kg2 Bxc4 24. Nxc4 Qe6 25. Ne3 Nh7 26. Rxd7 Rxd7 27. Rd1
Rxd1 28. Qxd1 Qf6 29. Qe2 Qe6 30. Nc4 Nf6 31. Qd3 Ne8 32. Kh2 Kf8 33. Kg2 Ke7
34. Kf1 f6 35. Ke2 Nc7 36. Ne3 Qa2+ 37. Qc2 Qa1 38. Qb3 Ne6 39. Nd1 Kd7 40. Qb2
Qa4 41. Qd2+ Ke7 42. Ne3 Qb3 43. Qc2 Qxc2+ 1/2-1/2

[Event "XVII Festival A"]
[Site "Padova ITA"]
[Date "2014.12.19"]
[Round "7"]
[White "Bruno, Fabio"]
[Black "Laketic, Gojko"]
[WhiteElo "2437"]
[BlackElo "2389"]
[Result "1/2-1/2"]
[PlyCount "33"]
[EventDate "2014.12.14"]

1. d4 Nf6 2. Nf3 e6 3. e3 b6 4. Bd3 Bb7 5. Nbd2 c5 6. c3 cxd4 7. exd4 Be7 8.
O-O d6 9. Qe2 O-O 10. a4 a6 11. Ng5 Re8 12. f4 Bf8 13. Ndf3 g6 14. Bd2 Bg7 15.
Rae1 Ra7 16. Qf2 Bc6 17. b3 1/2-1/2

[Event "XVII Festival A"]
[Site "Padova ITA"]
[Date "2014.12.19"]
[Round "7"]
[White "Delchev, Aleksander"]
[Black "Vezzosi, Paolo"]
[WhiteElo "2627"]
[BlackElo "2291"]
[Result "1/2-1/2"]
[PlyCount "78"]
[EventDate "2014.12.14"]

1. e4 c5 2. Nf3 Nc6 3. Bb5 g6 4. Bxc6 dxc6 5. d3 Bg7 6. h3 Nf6 7. O-O Nd7 8.
Nc3 e5 9. Be3 Qe7 10. Qd2 Nf8 11. Bh6 f6 12. Bxg7 Qxg7 13. Nh2 Ne6 14. Ne2 g5
15. Ng3 Nf4 16. Qe3 Qf8 17. c3 Qd6 18. Rfd1 Be6 19. Rd2 O-O-O 20. Rad1 h5 21.
d4 cxd4 22. cxd4 h4 23. dxe5 Qxe5 24. Ngf1 Qa5 25. a3 Rxd2 26. Rxd2 Rd8 27.
Rxd8+ Kxd8 28. Nf3 Qb5 29. b4 Qd3 30. e5 Ne2+ 31. Kh2 Qxe3 32. Nxe3 Ke7 33. g3
hxg3+ 34. fxg3 b6 35. h4 gxh4 36. gxh4 c5 37. bxc5 bxc5 38. exf6+ Kxf6 39. Ng5
Bf5 1/2-1/2

[Event "XVII Festival A"]
[Site "Padova ITA"]
[Date "2014.12.19"]
[Round "7"]
[White "Dragojlovic, Andjelko"]
[Black "Naumkin, Igor"]
[WhiteElo "2321"]
[BlackElo "2436"]
[Result "0-1"]
[PlyCount "63"]
[EventDate "2014.12.14"]

1. Nf3 Nf6 2. g3 b6 3. Bg2 Bb7 4. O-O e6 5. c4 Be7 6. d4 O-O 7. d5 exd5 8. Nh4
c6 9. cxd5 Nxd5 10. e4 Nc7 11. Nf5 d5 12. Nc3 Bf6 13. exd5 cxd5 14. Qg4 g6 15.
Nh6+ Kg7 16. Qd1 Kh8 17. Re1 Nba6 18. Bf4 Bg7 19. Qd2 Nc5 20. Rad1 d4 21. Bxb7
Nxb7 22. Be5 Ne6 23. Bxg7+ Kxg7 24. Rxe6 fxe6 25. Ng4 Rf5 26. h4 e5 27. Ne4 Nd6
28. Ng5 Qe8 29. b3 Rc8 30. Re1 Rc5 31. f4 Rc3 32. Nxe5 0-1

[Event "XVII Festival A"]
[Site "Padova ITA"]
[Date "2014.12.19"]
[Round "7"]
[White "Dvirnyy, Danyyil"]
[Black "Georgiev, Kiril D."]
[WhiteElo "2515"]
[BlackElo "2628"]
[Result "1/2-1/2"]
[PlyCount "64"]
[EventDate "2014.12.14"]

1. e4 e5 2. Nf3 Nc6 3. Bb5 a6 4. Ba4 Nf6 5. O-O Be7 6. d3 b5 7. Bb3 d6 8. a4
Bg4 9. c3 Na5 10. Bc2 c5 11. h3 Bd7 12. d4 Qb8 13. Re1 O-O 14. Nbd2 cxd4 15.
cxd4 Rc8 16. Nf1 bxa4 17. Bxa4 Bxa4 18. Rxa4 Qb5 19. Bd2 Nc4 20. Rb4 Qe8 21.
Bg5 Rc7 22. Bxf6 Bxf6 23. b3 Na3 24. Ne3 Rc6 25. Ra4 Nb5 26. Nd5 Nc3 27. Nxc3
Rxc3 28. dxe5 Bxe5 29. Nxe5 dxe5 30. Qe2 Rxb3 31. Rxa6 g6 32. Rxa8 Qxa8 1/2-1/2

[Event "XVII Festival A"]
[Site "Padova ITA"]
[Date "2014.12.19"]
[Round "7"]
[White "Godena, Michele"]
[Black "Palac, Mladen"]
[WhiteElo "2495"]
[BlackElo "2584"]
[Result "1/2-1/2"]
[PlyCount "20"]
[EventDate "2014.12.14"]

1. e4 c5 2. c3 Nf6 3. e5 Nd5 4. Nf3 Nc6 5. d4 cxd4 6. cxd4 d6 7. Bc4 Nb6 8. Bb5
Bd7 9. Nc3 dxe5 10. Nxe5 Nxe5 1/2-1/2

[Event "XVII Festival A"]
[Site "Padova ITA"]
[Date "2014.12.19"]
[Round "7"]
[White "Lazic, Miroljub"]
[Black "Brezovar, Matjaz"]
[WhiteElo "2459"]
[BlackElo "2264"]
[Result "1-0"]
[PlyCount "67"]
[EventDate "2014.12.14"]

1. c4 e6 2. Nf3 Nf6 3. g3 d5 4. Bg2 dxc4 5. Qa4+ c6 6. Qxc4 b5 7. Qc2 Bb7 8. a4
a6 9. Nc3 Nbd7 10. O-O Be7 11. d3 O-O 12. e4 bxa4 13. Nxa4 c5 14. b3 Qc7 15. h3
Rac8 16. Be3 Rfd8 17. Rfc1 Bd6 18. Ra2 Qb8 19. Qb1 Bc6 20. Bf1 Bb5 21. Nb2 h6
22. Nc4 e5 23. Bd2 Nf8 24. Qa1 N6d7 25. Bc3 f6 26. h4 Ne6 27. Bh3 Nd4 28. Nxd4
cxd4 29. Ba5 Bc7 30. Bb4 Bxc4 31. Rxc4 Bd6 32. Bxd6 Qxd6 33. Rxa6 Qb8 34. Bxd7
1-0

[Event "XVII Festival A"]
[Site "Padova ITA"]
[Date "2014.12.20"]
[Round "8"]
[White "Codenotti, Marco"]
[Black "Lazic, Miroljub"]
[WhiteElo "2345"]
[BlackElo "2459"]
[Result "1/2-1/2"]
[PlyCount "22"]
[EventDate "2014.12.14"]

1. e4 e5 2. Nf3 Nc6 3. Bc4 Bc5 4. c3 Nf6 5. d3 a6 6. Bb3 Ba7 7. h3 d6 8. Nbd2
Ne7 9. Nf1 Ng6 10. Ng3 O-O 11. O-O c6 1/2-1/2

[Event "XVII Festival A"]
[Site "Padova ITA"]
[Date "2014.12.20"]
[Round "8"]
[White "Delchev, Aleksander"]
[Black "Godena, Michele"]
[WhiteElo "2627"]
[BlackElo "2495"]
[Result "1/2-1/2"]
[PlyCount "41"]
[EventDate "2014.12.14"]

1. e4 e5 2. Nf3 Nc6 3. Bb5 a6 4. Ba4 Nf6 5. O-O b5 6. Bb3 Bc5 7. Nc3 Bb7 8. Nd5
Na5 9. d4 Nxb3 10. axb3 exd4 11. Bg5 Bxd5 12. exd5 O-O 13. Ne5 Re8 14. Re1 h6
15. Bh4 g5 16. Bg3 d6 17. Nc6 Rxe1+ 18. Qxe1 Qe8 19. Qd2 Nxd5 20. Nxd4 Qe4 21.
Nf3 1/2-1/2

[Event "XVII Festival A"]
[Site "Padova ITA"]
[Date "2014.12.20"]
[Round "8"]
[White "Drazic, Sinisa"]
[Black "Aghayev, Miragha"]
[WhiteElo "2438"]
[BlackElo "2372"]
[Result "1-0"]
[PlyCount "101"]
[EventDate "2014.12.14"]

1. d4 Nf6 2. Nc3 d5 3. Bf4 g6 4. Qd2 Bg7 5. Bh6 O-O 6. f3 c5 7. Bxg7 Kxg7 8.
dxc5 Qa5 9. e4 Rd8 10. exd5 Be6 11. Bd3 Nxd5 12. Nxd5 Qxd2+ 13. Kxd2 Rxd5 14.
Ne2 Rxc5 15. Nd4 Bd7 16. Rhe1 Kf8 17. b4 Rg5 18. g3 Nc6 19. Nxc6 Bxc6 20. f4
Rh5 21. h4 a5 22. a3 Rd8 23. c4 b5 24. Kc3 bxc4 25. Bxc4 Rc8 26. Rad1 Ra8 27.
Kb2 Rb8 28. Kb3 Rf5 29. Rd4 h5 30. Kc3 Rc8 31. Kb3 Rb8 32. Re3 Ra8 33. Re5 Rxe5
34. fxe5 axb4 35. axb4 Rb8 36. Rf4 Be8 37. Bxf7 Bxf7+ 38. e6 Rb6 39. exf7 e5
40. Rf3 e4 41. Re3 Re6 42. Kc4 Kxf7 43. Kd5 Ra6 44. Kxe4 Ra4 45. Rb3 Ke6 46.
Kf4 Kf6 47. Rb1 Ke6 48. Rb2 Kf6 49. Rb3 Kf7 50. Ke5 Ke7 51. b5 1-0

[Event "XVII Festival A"]
[Site "Padova ITA"]
[Date "2014.12.20"]
[Round "8"]
[White "Georgiev, Kiril D."]
[Black "Brunello, Marina"]
[WhiteElo "2628"]
[BlackElo "2254"]
[Result "1-0"]
[PlyCount "109"]
[EventDate "2014.12.14"]

1. Nf3 d5 2. c4 c6 3. e3 Nf6 4. Nc3 e6 5. b3 Nbd7 6. Bb2 Bd6 7. Qc2 O-O 8. Be2
Re8 9. O-O a6 10. d4 Qc7 11. c5 Bf8 12. e4 Nxe4 13. Nxe4 dxe4 14. Qxe4 e5 15.
Nxe5 Nxe5 16. f4 f5 17. Qe3 Nf3+ 18. Qxf3 Be6 19. Rfe1 Qf7 20. Qc3 Bd5 21. Bd3
g6 22. Bc4 Bg7 23. Bxd5 Qxd5 24. Qc4 Red8 25. Rad1 Kf7 26. Kf2 Rd7 27. Rd2 Rad8
28. Red1 Re8 29. Bc3 Re4 30. g3 Kf8 31. Rd3 Bf6 32. Qxd5 Rxd5 33. Kf3 h5 34.
R3d2 Kf7 35. b4 Ke6 36. a3 Bd8 37. Re2 Rxe2 38. Kxe2 Rd7 39. Kd3 Kd5 40. a4 Re7
41. Rb1 Re4 42. b5 axb5 43. axb5 cxb5 44. Rxb5 Kc6 45. Kc4 h4 46. Ba5 Bxa5 47.
Rxa5 Re2 48. d5+ Kc7 49. Ra8 Rxh2 50. gxh4 Rb2 51. Rg8 Rf2 52. d6+ Kd7 53. Rb8
Rb2 54. Kd5 Rb4 55. Rxb7+ 1-0

[Event "XVII Festival A"]
[Site "Padova ITA"]
[Date "2014.12.20"]
[Round "8"]
[White "Lajthajm, Borko"]
[Black "Boscolo, Federico"]
[WhiteElo "2462"]
[BlackElo "2303"]
[Result "1-0"]
[PlyCount "121"]
[EventDate "2014.12.14"]

1. c4 Nf6 2. Nf3 g6 3. g3 Bg7 4. Bg2 O-O 5. O-O d6 6. Nc3 Nc6 7. d3 e5 8. Bg5
h6 9. Bd2 Be6 10. Rc1 Qd7 11. Qb3 Nd8 12. Nd5 Ne8 13. Qa3 Bh3 14. Bxh3 Qxh3 15.
c5 dxc5 16. Rxc5 c6 17. Ne3 f6 18. Rc4 Qd7 19. Nh4 Kh7 20. Rg4 g5 21. Nhf5 Ne6
22. Ra4 N8c7 23. Qb4 Nb5 24. Qg4 Ned4 25. Bc3 Nxf5 26. Nxf5 Nd6 27. Nxd6 Qxd6
28. Qf5+ Kh8 29. h4 a6 30. Rc4 Rfe8 31. hxg5 fxg5 32. Re4 Re7 33. Kg2 Rf8 34.
Qg4 b6 35. a4 a5 36. b4 axb4 37. Bxb4 c5 38. Bc3 Qe6 39. Qxe6 Rxe6 40. Rb1 Ra8
41. Rb5 Rc6 42. a5 bxa5 43. Bxa5 Rac8 44. Bc3 c4 45. dxc4 Rxc4 46. Rxc4 Rxc4
47. Bxe5 Bxe5 48. Rxe5 Kg7 49. f3 Kf6 50. Ra5 Rc6 51. f4 Rc4 52. Kf3 Rc3+ 53.
e3 g4+ 54. Ke4 Rc4+ 55. Kd5 Rc3 56. Ra6+ Kg7 57. Ke4 Rb3 58. f5 Rb4+ 59. Ke5
Rb3 60. Ra7+ Kf8 61. Kf4 1-0

[Event "XVII Festival A"]
[Site "Padova ITA"]
[Date "2014.12.20"]
[Round "8"]
[White "Laketic, Gojko"]
[Black "Bonafede, Alessandro"]
[WhiteElo "2389"]
[BlackElo "2339"]
[Result "1-0"]
[PlyCount "85"]
[EventDate "2014.12.14"]

1. d4 f5 2. g3 Nf6 3. Bg2 g6 4. Nf3 Bg7 5. O-O O-O 6. c4 d6 7. Nc3 Qe8 8. d5 a5
9. Nd4 Na6 10. e4 fxe4 11. Nxe4 Nxe4 12. Bxe4 Bd7 13. Re1 a4 14. Bg5 a3 15.
bxa3 Qf7 16. Qd2 Qxf2+ 17. Qxf2 Rxf2 18. Kxf2 Bxd4+ 19. Be3 Bxa1 20. Rxa1 Nc5
21. Bxc5 dxc5 22. Rb1 b6 23. Rb3 Ra4 24. Rc3 e6 25. h4 Kg7 26. Bg2 e5 27. Ke3
Kf6 28. Bf3 h5 29. Bd1 Ra8 30. a4 Bf5 31. Ra3 Ra5 32. Rb3 Bd7 33. Ra3 Be8 34.
Ke4 Bd7 35. Ke3 g5 36. hxg5+ Kxg5 37. Ke4 Bf5+ 38. Kxe5 Ra8 39. Bxh5 Bh3 40.
Bf7 Rf8 41. Rf3 Bg4 42. Rf4 Ra8 43. Rf6 1-0

[Event "XVII Festival A"]
[Site "Padova ITA"]
[Date "2014.12.20"]
[Round "8"]
[White "Naumkin, Igor"]
[Black "Palac, Mladen"]
[WhiteElo "2436"]
[BlackElo "2584"]
[Result "1/2-1/2"]
[PlyCount "24"]
[EventDate "2014.12.14"]

1. d4 Nf6 2. c4 e6 3. Nf3 Bb4+ 4. Nbd2 O-O 5. g3 b6 6. Bg2 Bb7 7. O-O Be7 8.
Qc2 Na6 9. b3 c5 10. Bb2 d5 11. cxd5 Bxd5 12. Rad1 Rc8 1/2-1/2

[Event "XVII Festival A"]
[Site "Padova ITA"]
[Date "2014.12.20"]
[Round "8"]
[White "Petkov, Vladimir"]
[Black "Dimitrijeski, Boris"]
[WhiteElo "2527"]
[BlackElo "2251"]
[Result "1/2-1/2"]
[PlyCount "105"]
[EventDate "2014.12.14"]

1. d4 d5 2. c4 c6 3. Nf3 Nf6 4. Nc3 a6 5. a4 e6 6. g3 Be7 7. Bg2 O-O 8. a5 c5
9. O-O Nc6 10. cxd5 exd5 11. dxc5 Bxc5 12. Bg5 d4 13. Bxf6 Qxf6 14. Ne4 Qe7 15.
Nxc5 Qxc5 16. Qd2 Rd8 17. Rfc1 Qd6 18. Qc2 Qf6 19. Qb3 Rb8 20. Rc5 Be6 21. Qb6
Bd5 22. Rd1 h6 23. h3 Be4 24. Ne1 Bxg2 25. Nxg2 Qe7 26. Rc2 Rd6 27. Nf4 Rbd8
28. Qc5 Qe4 29. Rcd2 g6 30. b4 h5 31. Qg5 Kh7 32. Rc1 R8d7 33. Nd3 Qe7 34. Qxe7
Rxe7 35. Rc5 Kg7 36. g4 hxg4 37. hxg4 f6 38. f3 Ne5 39. Nf4 Red7 40. Kf2 Kf7
41. b5 axb5 42. Rxb5 g5 43. Nd3 Nxd3+ 44. Rxd3 Rd5 45. Rdb3 Rxb5 46. Rxb5 Ke6
47. f4 gxf4 48. Kf3 d3 49. exd3 Rxd3+ 50. Ke4 Rd7 51. Rb6+ Kf7 52. Kxf4 Rc7 53.
a6 1/2-1/2